Port Moresby Airport Destinations 2026 - Statistics

General Stats
  • This quiz has been taken 12 times
  • The average score is 11 of 29
Answer Stats
Hint Answer % Correct
Air Niugini, Qantas Sydney
100%
Air Niugini, Qantas Brisbane
91%
Air Niugini, Philippines Airlines Manila
91%
Air Niugini Singapore
91%
Air Niugini Cairns
82%
China Southern Airlines Guangzhou
82%
Air Niugini Hong Kong
73%
Air Niugini Auckland
64%
Air Niugini, Solomon Airlines Honiara
64%
Air Niugini Nadi
64%
Air Niugini Tokyo
64%
Air Niugini, PNG Air Lae
45%
Air Niugini Buka
36%
Air Niugini, PNG Air Rabaul
36%
Air Niugini, PNG Air Madang
27%
Air Niugini, PNG Air Mount Hagen
27%
Air Niugini Kavieng
18%
Air Niugini Wewak
18%
Air Niugini, PNG Air Alotau
9%
Air Niugini, PNG Air Goroka
9%
PNG Air Mendi
9%
Air Niugini, PNG Air Popondetta
9%
Air Niugini, PNG Air Daru
0%
Air Niugini, PNG Air Hoskins
0%
Air Niugini, PNG Air Kiunga
0%
Air Niugini Manus Island
0%
Air Niugini, PNG Air Tabubil
0%
Air Niugini, PNG Air Tari
0%
Air Niugini Wapenamanda
0%
No matching quizzes found
Score Distribution
Percent of People with Each Score
Percentile by Number Answered
Your Score History
You have not taken this quiz